01674nam a22003494a 4500001001200000003000800012006001900020007001500039008004100054010001700095020002200112040002100134035002000155050002500175082002100200110009700221245025400318260005600572300002400628504004100652533015200693650005400845650005700899655002900956700002000985700003401005700002301039710001701062711010001079856012601179999001901305ebr10032426CaPaEBRm u cr cn|||||||||020208s2002 dcua sb 100 0 eng  z 2002002062 z0309083036 (pbk.) aCaPaEBRcCaPaEBR a(OCoLC)6165907514aLC3731b.N355 2002eb04a379.2/6/09732212 aNational Research Council (U.S.).bDivision of Behavioral and Social Sciences and Education.10aAchieving high educational standards for allh[electronic resource] :bconference summary /cDivision of Behavioral and Social Sciences and Education, National Research Council ; Timothy Ready, Christopher Edley, Jr., and Catherine E. Snow, editors. aWashington, D.C. :bNational Academy Press,cc2002. axii, 285 p. :bill. aIncludes bibliographical references. aElectronic reproduction.bPalo Alto, Calif. :cebrary,d2013.nAvailable via World Wide Web.nAccess may be limited to ebrary affiliated libraries. 0aMinoritiesxEducationzUnited StatesvCongresses. 0aEducational equalizationzUnited StatesvCongresses. 7aElectronic books.2local1 aReady, Timothy.1 aEdley, Christopher F.,d1953-1 aSnow, Catherine E.2 aebrary, Inc.2 aMillennium Conference: Achieving High Educational Standards for Alld(2000 :cWashington, D.C.)40uhttp://site.ebrary.com/lib/rucke/Doc?id=10032426zAn electronic book accessible through the World Wide Web; click to view c176840d176840